Catálogo
 En Linea

El Alumno / (Registro nro. 42032)

Detalles MARC
000 -CABECERA
campo de control de longitud fija 00585nam a2200193 a 4500
001 - NÚMERO DE CONTROL
campo de control 000042543
005 - FECHA Y HORA DE LA ÚLTIMA TRANSACCIÓN
campo de control 20201002040226.0
008 - DATOS DE LONGITUD FIJA--INFORMACIÓN GENERAL
campo de control de longitud fija 131211s1991 sp 000 0 spa d
020 ## - NÚMERO INTERNACIONAL ESTÁNDAR DEL LIBRO
Número Internacional Estándar del Libro 8479691131
040 ## - FUENTE DE LA CATALOGACIÓN
Centro catalogador/agencia de origen DO-SdBNP
Lengua de catalogación spa
Centro/agencia transcriptor BNPHU
082 ## - NÚMERO DE LA CLASIFICACIÓN DECIMAL DEWEY
Número de clasificación xxx
Número de documento/Ítem xxx
100 1# - ENTRADA PRINCIPAL--NOMBRE DE PERSONA
Nombre de persona James, Henry,
Fechas asociadas al nombre 1843-1916.
9 (RLIN) 12819
245 13 - MENCIÓN DE TÍTULO
Título El Alumno /
Mención de responsabilidad, etc. Henry James.
260 ## - PUBLICACIÓN, DISTRIBUCIÓN, ETC.
Lugar de publicación, distribución, etc. [Madrid] :
Nombre del editor, distribuidor, etc. Compañía Europea de Comunicación e Información,
Fecha de publicación, distribución, etc. 1991.
300 ## - DESCRIPCIÓN FÍSICA
Extensión 95 p. ;
Dimensiones 19 cm.
490 1# - MENCIÓN DE SERIE
Mención de serie Biblioteca de el sol
Designación de volumen o secuencia 94
590 ## - NOTA LOCAL (RLIN)
Nota local Inventariado, 2019/VM
830 #0 - PUNTO DE ACCESO ADICIONAL DE SERIE-TÍTULO UNIFORME
Título uniforme Biblioteca de el sol
Número de parte o sección de la obra 94
9 (RLIN) 69781
Existencias
Estado de retiro Estado de pérdida Restricciones de uso No para préstamo Código de colección Localización permanente Ubicación/localización actual Ubicación en estantería Fecha de adquisición Número de inventario Total de préstamos Signatura topográfica completa Código de barras Fecha visto por última vez Precio válido a partir de Tipo de ítem Koha
      Excluido de préstamo Monografías: Libros y Folletos General General Depósito 11.12.2013 LF1   xxx xxx 42543-10 25.06.2020 25.06.2020 No se presta

Con tecnología Koha